[Event "Corsica Master"]
[Site "Bastia"]
[Date "2002.11.01"]
[Round "1.2"]
[White "Moreno Carnero, Javier"]
[Black "Anand, Vishwanathan"]
[Result "*"]
[WhiteElo "2503"]
[BlackElo "2755"]
[PlyCount "92"]
[EventDate "2002.??.??"]
[WhiteTeam "Espana"]
[BlackTeam "India"]
[WhiteTeamCountry "ESP"]
[BlackTeamCountry "IND"]

1. e4 e5 2. Nf3 Nc6 3. Bb5 a6 4. Ba4 Nf6 5. O-O Be7 6. Re1 b5 7. Bb3 d6 8. c3
O-O 9. h3 Na5 10. Bc2 c5 11. d4 Nd7 12. Nbd2 exd4 13. cxd4 Nc6 14. Nf1 cxd4 15.
Nxd4 Nxd4 16. Qxd4 Ne5 17. Qd1 Bf6 18. Ne3 Be6 19. Bd2 Nc4 20. Nxc4 Bxc4 21.
Bc3 Bxc3 22. bxc3 Qa5 23. Re3 Qa3 24. Rg3 Rfe8 25. f4 Rac8 26. Kh2 g6 27. Qd2
Qb2 28. Rb1 Qxa2 29. f5 Rc6 30. Re1 Kg7 31. Rf3 Re5 32. f6+ Kf8 33. Qh6+ Ke8
34. Bb1 Qb2 35. Qxh7 Kd7 36. Rg3 Qf2 37. Ree3 Qxf6 38. Ref3 Qe7 39. Qh6 Kc7 40.
Qd2 Kb7 41. Rf4 Rc7 42. Rgf3 Rec5 43. Ba2 Qe5 44. Kh1 Bxa2 45. Rxf7 Bxf7 46.
Rxf7 Rxc3 *